Boys Planet - Statistics

General Stats
  • This quiz has been taken 347 times
  • The average score is 45 of 98
Answer Stats
Hint Answer % Correct
ZEROBASEONE Zhang Hao
99%
ZEROBASEONE Han Yujin
97%
ZEROBASEONE Ricky
97%
ZEROBASEONE/ EX INX/ EX ATEEN Kim Jiwoong
96%
ZEROBASEONE Kim Taerae
96%
ZEROBASEONE Seok Matthew
96%
ZEROBASEONE Park Gunwook
95%
ZEROBASEONE Sung Hanbin
95%
ZEROBASEONE Kim Gyuvin
94%
ONE PACT/ Soloist/ B.D.U Jay Chang
93%
EX EDAMAME BEANS Kei
90%
EVNNE/ Ciipher Keita
90%
EVNNE Park Hanbin
90%
PENTAGON/ Soloist Lee Hoetaek
89%
AMPERS&ONE Na Kamden
86%
XLOV Haru
83%
TOZ Takuto
78%
Trainee/ Actor Min
77%
TOZ Haruto
76%
NINE.i Seo Won
74%
EX SWIN/ WATERFIRE/ Soloist/ XLOV Wumuti
74%
Ex TO1/ Actor Cha Woongki
73%
TIOT Kum Junhyeon
73%
EX Black Level/ ONE PACT Yoon Jongwoo
73%
LOONG9 Ollie
72%
EVNNE Lee Jeonghyeon
71%
EVNNE Park Jihoo
71%
EVNNE Yoo Seungeon
70%
AMPERS&ONE Brian
69%
TOZ Anthonny
66%
EVNNE Ji Yunseo
65%
XLOV Chen Kuanjui
62%
ONE PACT Lee Yedam
61%
EVNNE Mun Junghyun
60%
Actor Bak Doha
58%
EX 1THE9/ Soloist Lee Seunghwan
58%
NXD Hiroto
55%
Actor Jung Mingyu
55%
CLOSE YOUR EYES Ma Jingxiang
53%
EX TO1/ ONE PACT Oh Sungmin
53%
UP10TION/ Soloist Lee Hwanhee
52%
Soloist Wang Zihao
51%
ONE PACT/ Ciipher Yeom Taegyun
51%
Trainee Jang Minseo
49%
EX NINE.i Winnie
47%
Soloist Zhang Shuaibo
47%
Now United/ Soloist Krystian
46%
POLARIX Lee Daeul
46%
TIOT Choi Woojin
45%
ARrC Park Hyunbeen
45%
Soloist Cong
40%
Trainee/ Newkies Dang Honghai
40%
TIOT Kim Minseoung
40%
TOZ Yuto
40%
AMPERS&ONE Choi Jiho
39%
UP10TION/ Soloist Lee Dongyeol
39%
CLOSE YOUR EYES Jang Yeojun
38%
TIOT Hong Keonhee
36%
NINE.i Jang Jiho
30%
NouerA Han Yuseop
29%
Trainee Lim Junseo
29%
Soloist Jeong Ichan
28%
Actor Nice
28%
Trainee Cai Jinxin
26%
Content Creator/ MC Ichika
23%
Trainee Lee Donggun
23%
Trainee Osuke
23%
NEWBEAT Park Minseok
23%
Soloist/ Actor Chen Jianyu
20%
withus Jung Hwanrok
20%
EX DREAM4/ Actor Xuan Hao
20%
Trainee Yuki
20%
LOONG9 Chen Liang
18%
Trainee Dong Dong
17%
Trainee Ouju
17%
Trainee Han Seobin
16%
Content Creator Hyo
15%
Actor Itsuki
15%
KJRGL Riku
15%
ASE Family/ Actor Yang Jun
15%
EX ECAT Feng Junlan
14%
3WAY Jeon Wooseok
14%
KJRGL Jung Hojin
14%
Trainee Jung Seyun
14%
Trainee Chen Renyou
13%
Soloist Chen Yugeng
13%
Actor Choi Seunghun
11%
Trainee Kim Minhyuk
11%
Stage Actor Yutaka
11%
Actor Jeon Hoyoung
10%
Soloist Lin Shiyuan
10%
Dancer Park Gwanyoung
10%
Trainee Toui
10%
Trainee Wang Yanhong
10%
Trainee Wen Yechen
10%
Trainee Jo Eunwoo
9%
OPENsi Qui Shengyang
8%
OCJ NEWBIES Tao Yuan
6%
No matching quizzes found
Score Distribution
Percent of People with Each Score
Percentile by Number Answered
Your Score History
You have not taken this quiz